Statistics for Musical Acts by Letter - H

Click here to take the quiz!

General Stats

  • This quiz has been taken 1,825 times
  • The average score is 5 of 11

Answer Stats

Years ActiveCountrySongsBand or Artist% Correct
2014 -Take Me to Church | Someone NewHozier
73%
1995 -MMMBop | Where's The LoveHanson
69%
2017 -Sign of the Times | Adore YouHarry Styles
61%
1975 -Barracuda | AloneHeart
54%
1980 -The Power of Love | Hip to be SquareHuey Lewis and the News
49%
1972 -Maneater | Private EyesHall & Oates
46%
1992 -Jump Around | Top O' the Morning to YaHouse of Pain
37%
2014 -Bad at Love | Without MeHalsey
35%
1947 - 1953I'm So Lonesome I Could Cry | Your Cheating HeartHank Williams
24%
1994 -Only Wanna Be with You | Let Her CryHootie and the Blowfish
22%
1962 -Cantaloupe Island | RockitHerbie Hancock
13%

Score Distribution

Percentile by Number Answered

Percent of People with Each Score

Your Score History

You have not taken this quiz